书目信息 |
| 题名: |
简捷图示屋顶细部设计手册
|
|
| 作者: | 哈迪, 著 ;楚先锋 , 程东风 , 王学军 译 | |
| 分册: | ||
| 出版信息: | 北京 中国建筑工业出版社 2004.07 |
|
| 页数: | 368页 | |
| 开本: | 29cm | |
| 丛书名: | TIME-SAVER系列手册 | |
| 单 册: | ||
| 中图分类: | TU231-64 | |
| 科图分类: | ||
| 主题词: | 屋顶--细部设计--图解 | |
| 电子资源: | ||
| ISBN: | 7-112-04753-6 | |
| 000 | 01273nam2 2200313 450 | |
| 001 | 010255292056 | |
| 005 | 20191029093817.27 | |
| 010 | @a7-112-04753-6@b精装@dCNY75.00 | |
| 100 | @a20050726d2004 km y0chiy0120 ea | |
| 101 | 1 | @achi@ceng |
| 102 | @aCN@b110000 | |
| 105 | @aa z 000yy | |
| 200 | 1 | @a简捷图示屋顶细部设计手册@Ajian jie tu shi wu ding xi bu she ji shou ce@f(美) 史蒂夫·哈迪著@F(mei)shi di fu·ha di zhu@g楚先锋, 程东风, 王学军译@Gchu xian feng,cheng dong feng,wang xue jun yi |
| 210 | @a北京@c中国建筑工业出版社@d2004.07 | |
| 215 | @a368页@c图@d29cm | |
| 225 | 2 | @aTIME-SAVER系列手册 |
| 306 | @a本书由中国建筑工业出版社和美国麦格劳-希尔教育 (亚洲) 出版集团合作出版。 | |
| 312 | @a并列题名取自版权页。 | |
| 330 | @a本书共15章,包括历史,设计理论,屋顶板,石油沥青复合屋面系统,煤焦油沥青屋面系统,屋面面层及涂层,屋面油毡,屋面保温材料等内容。 | |
| 410 | 0 | @12001 @aTIME-SAVER系列手册 |
| 510 | 1 | @aTime-Saver details for roof sesign@zeng |
| 606 | 0 | @a屋顶@x细部设计@x图解 |
| 690 | @aTU231-64@v4 | |
| 701 | 1 | @a哈迪,@Aha di,@bS.@g(Hardy, Steve)@4著 |
| 702 | 0 | @a楚先锋@Achu xian feng@4译 |
| 702 | 0 | @a程东风@Acheng dong feng@4译 |
| 702 | 0 | @a王学军@Awang xue jun@4译 |
| 801 | 0 | @aCN@bQSSK@c20050922 |
| 905 | @a10447@dTU231-64@eH02 | |
| 简捷图示屋顶细部设计手册/(美) 史蒂夫·哈迪著/楚先锋, 程东风, 王学军译.-北京:中国建筑工业出版社,2004.07 |
| 368页:图;29cm.-(TIME-SAVER系列手册) |
| ISBN 7-112-04753-6(精装):CNY75.00 |
| 本书共15章,包括历史,设计理论,屋顶板,石油沥青复合屋面系统,煤焦油沥青屋面系统,屋面面层及涂层,屋面油毡,屋面保温材料等内容。 |
| ● |
| 相关链接 |
|
|
|
正题名:简捷图示屋顶细部设计手册
索取号:TU231-64/H02
 
预约/预借
| 序号 | 登录号 | 条形码 | 馆藏地/架位号 | 状态 | 备注 |
| 1 | 1455066 | 214550662 | 建筑库101/101建筑库 47排7列4层/ [索取号:TU231-64/H02] | 在馆 | |
| 2 | 1455067 | 214550671 | 建筑库101/101建筑库 47排7列4层/ [索取号:TU231-64/H02] | 在馆 | |
| 3 | 1455068 | 214550680 | 建筑库101/101建筑库 47排7列4层/ [索取号:TU231-64/H02] | 在馆 | |
| 4 | 1455069 | 214550699 | 建筑库101/101建筑库 47排7列4层/ [索取号:TU231-64/H02] | 在馆 | |
| 5 | 1455070 | 214550706 | 建筑库101/101建筑库 47排7列4层/ [索取号:TU231-64/H02] | 在馆 | |
| 6 | 526026 | 205260260 | 建筑库101/101建筑库 47排7列4层/ [索取号:TU231-64/H02] | 在馆 | |
| 7 | 526027 | 205260279 | 建筑库101/101建筑库 47排7列4层/ [索取号:TU231-64/H02] | 在馆 | |
| 8 | 526028 | 205260288 | 建筑库101/101建筑库 47排7列4层/ [索取号:TU231-64/H02] | 在馆 |